000 nam a22 7a 4500
999 _c10560
_d10560
008 180219b ||||| |||| 00| 0 eng d
100 _aArchana
_96136
245 _aCreative Science-IV
260 _aNew Delhi
_bFK Publications
_c2012